[Event "Winnipeg TNT 2019.01"]
[Site "Winnipeg CAN"]
[Date "2019.01.22"]
[Round "3.11"]
[White "Piche, Zachary"]
[Black "Melnyk, Jim"]
[Result "0-1"]
[WhiteElo "1504"]
[BlackElo "1637"]
[PlyCount "108"]
[EventDate "2019.01.08"]
[EventType "swiss"]
[EventRounds "4"]
[EventCountry "CAN"]

1. Nf3 Nc6 2. c4 e5 3. d3 d6 4. g3 Nf6 5. Nc3 Be7 6. Bg2 O-O 7. a3 a5 8. Rb1
Bd7 9. O-O Qc8 10. Bd2 Bh3 11. b4 Bxg2 12. Kxg2 axb4 13. axb4 Re8 14. Qc2 Bf8
15. Rfc1 Nd4 16. Nxd4 exd4 17. Ne4 Qf5 18. Nxf6+ Qxf6 19. e3 dxe3 20. Bxe3 Qf5
21. c5 Qd5+ 22. Kg1 dxc5 23. bxc5 g6 24. c6 b6 25. Qc4 Red8 26. Qxd5 Rxd5 27.
d4 f5 28. Ra1 Raa5 29. Bd2 Rxa1 30. Rxa1 Bd6 31. Ra8+ Kg7 32. Rd8 Kf7 33. Bf4
Ke6 34. Rc8 Bxf4 35. gxf4 Kd6 36. Rh8 Kxc6 37. Rxh7 Rxd4 38. Rg7 Rd6 39. Kg2 b5
40. Rg8 Kc5 41. Rc8 c6 42. Rb8 Kc4 43. Rb6 Kc5 44. Rb8 Kb4 45. Rb6 Ka5 46. Rb8
c5 47. Kf1 c4 48. Ra8+ Kb4 49. Ke2 Kc3 50. Ra3+ Kb4 51. Re3 c3 52. h3 Kb3 53.
h4 b4 54. f3 Kb2 0-1

[Event "Winnipeg TNT 2019.01"]
[Site "Winnipeg CAN"]
[Date "2019.01.29"]
[Round "4.1"]
[White "Abioye, Yemi"]
[Black "Wiebe, Isaac"]
[Result "1-0"]
[WhiteElo "1935"]
[BlackElo "2320"]
[PlyCount "103"]
[EventDate "2019.01.08"]
[EventType "swiss"]
[EventRounds "4"]
[EventCountry "CAN"]

1. e4 e6 2. d4 d5 3. exd5 exd5 4. h3 Bf5 5. Nf3 Nf6 6. Bd3 Qe7+ 7. Kf1 Bxd3+ 8.
Qxd3 Nc6 9. c3 Qd7 10. Bf4 Be7 11. Nbd2 O-O 12. g4 Rfe8 13. Ne5 Nxe5 14. dxe5
Qa4 15. exf6 Bxf6 16. Be3 c5 17. Bxc5 d4 18. Bxd4 Rad8 19. Nb3 Qc6 20. Rg1 b5
21. Re1 Rxe1+ 22. Kxe1 b4 23. Kd1 bxc3 24. bxc3 a5 25. Re1 a4 26. Nd2 a3 27.
Nb3 Qa4 28. Kc1 Bg5+ 29. Kb1 Rb8 30. Ka1 Rd8 31. Qe4 Bf6 32. Kb1 Bxd4 33. cxd4
Rb8 34. Qd3 g6 35. Rc1 Qe8 36. f3 Qe7 37. f4 Qf6 38. f5 gxf5 39. gxf5 Re8 40.
Ka1 Qg5 41. Qf3 Kh8 42. f6 h6 43. Qf2 Rb8 44. h4 Qg8 45. Rg1 Qh7 46. Qg3 Re8
47. Nc5 h5 48. Nd7 Rc8 49. Qg7+ Qxg7 50. fxg7+ Kh7 51. Nf6+ Kh6 52. g8=N+ 1-0

[Event "Winnipeg TNT 2019.01"]
[Site "Winnipeg CAN"]
[Date "2019.01.29"]
[Round "4.2"]
[White "Proulx, Roy"]
[Black "Prince, Colin"]
[Result "1/2-1/2"]
[WhiteElo "1878"]
[BlackElo "1883"]
[PlyCount "25"]
[EventDate "2019.01.08"]
[EventType "swiss"]
[EventRounds "4"]
[EventCountry "CAN"]

1. e4 e5 2. Nf3 Nc6 3. Bb5 a6 4. Ba4 Nf6 5. O-O Be7 6. h3 b5 7. Bb3 O-O 8. Re1
Bb7 9. c3 d6 10. d4 Re8 11. Ng5 Rf8 12. Nf3 Re8 13. Ng5 1/2-1/2

[Event "Winnipeg TNT 2019.01"]
[Site "Winnipeg CAN"]
[Date "2019.01.29"]
[Round "4.3"]
[White "Bince, Rolando"]
[Black "MacPherson, Al"]
[Result "1-0"]
[WhiteElo "1848"]
[BlackElo "1680"]
[PlyCount "77"]
[EventDate "2019.01.08"]
[EventType "swiss"]
[EventRounds "4"]
[EventCountry "CAN"]

1. Nf3 d5 2. g3 Nf6 3. Bg2 c5 4. c4 e6 5. O-O Be7 6. d3 O-O 7. b3 Nc6 8. Bb2
dxc4 9. bxc4 Qb6 10. Bc3 Ne8 11. Nbd2 Bf6 12. Ne4 Bxc3 13. Nxc3 Qc7 14. Rb1 Nd6
15. Qc1 Nf5 16. Nb5 Qd7 17. Qb2 a6 18. Na3 Re8 19. Ne5 Nxe5 20. Qxe5 Qd6 21.
Qb2 Rb8 22. Qb6 Rd8 23. Nc2 h5 24. Rfd1 h4 25. g4 Nd4 26. Nxd4 Qxd4 27. h3 Qd6
28. Rb2 Qe7 29. Rdb1 f5 30. gxf5 exf5 31. Kh1 g5 32. Qg6+ Kf8 33. Rb6 Qg7 34.
Rf6+ Kg8 35. Rbb6 Qxg6 36. Rxg6+ Kf8 37. Bd5 g4 38. Rbf6+ Ke7 39. Rf7+ 1-0

[Event "Winnipeg TNT 2019.01"]
[Site "Winnipeg CAN"]
[Date "2019.01.29"]
[Round "4.4"]
[White "Paeldin, James"]
[Black "Samson, Larry"]
[Result "0-1"]
[WhiteElo "1751"]
[BlackElo "1661"]
[PlyCount "94"]
[EventDate "2019.01.08"]
[EventType "swiss"]
[EventRounds "4"]
[EventCountry "CAN"]

1. e4 c5 2. Nf3 Nc6 3. d4 cxd4 4. Nxd4 Qc7 5. Nc3 e6 6. Ndb5 Qb8 7. Be2 a6 8.
Nd4 Qc7 9. O-O Nf6 10. a3 Be7 11. Bg5 O-O 12. Qd2 d6 13. Rad1 Rd8 14. Rfe1 Bd7
15. Bc4 Ne5 16. Bb3 Nc4 17. Qc1 Rac8 18. Nf3 Be8 19. Bxc4 Qxc4 20. Rd4 Qc7 21.
Red1 Bc6 22. Bxf6 Bxf6 23. R4d3 b5 24. Qe3 Be7 25. h3 Bb7 26. h4 Qc5 27. Qf4 h6
28. g4 g5 29. hxg5 hxg5 30. Qh2 Kg7 31. R1d2 Rh8 32. Qg3 Rh6 33. b4 Qb6 34. Re2
Rch8 35. Kg2 f6 36. Nd4 Bc8 37. f3 d5 38. exd5 Bd6 39. dxe6 Bxg3 40. Nf5+ Kh7
41. Nxh6 Kxh6 42. Kxg3 Bxe6 43. Rde3 Qc7+ 44. Kg2 Bc4 45. Re7 Qb8 46. R2e4 Kg6
47. f4 gxf4 0-1

[Event "Winnipeg TNT 2019.01"]
[Site "Winnipeg CAN"]
[Date "2019.01.29"]
[Round "4.5"]
[White "Letain, Cory"]
[Black "Czarny, Keith"]
[Result "0-1"]
[WhiteElo "1692"]
[BlackElo "1635"]
[PlyCount "72"]
[EventDate "2019.01.08"]
[EventType "swiss"]
[EventRounds "4"]
[EventCountry "CAN"]

1. e4 e6 2. d4 d5 3. exd5 exd5 4. Nf3 Nf6 5. c4 Bb4+ 6. Nc3 O-O 7. Bd3 Re8+ 8.
Be3 Bxc3+ 9. bxc3 Ne4 10. Qc2 Bg4 11. Nd2 f5 12. cxd5 Kh8 13. c4 Na6 14. a3 c6
15. dxc6 bxc6 16. O-O Nxd2 17. Qxd2 Qf6 18. h3 Bh5 19. Qa5 Nb8 20. Qc7 Qd8 21.
Qb7 Nd7 22. Bxf5 Nf6 23. g4 Bg6 24. Bxg6 hxg6 25. Qxc6 Rc8 26. Qa6 Nxg4 27.
hxg4 Qh4 28. Qxg6 Rxe3 29. Rfe1 Rg3+ 30. Kf1 Qh1+ 31. Ke2 Qf3+ 32. Kd2 Qxf2+
33. Re2 Qxd4+ 34. Kc2 Rxc4+ 35. Kb1 Rg1+ 36. Ka2 Rxa1+ 0-1

[Event "Winnipeg TNT 2019.01"]
[Site "Winnipeg CAN"]
[Date "2019.01.29"]
[Round "4.6"]
[White "Atem, James"]
[Black "Gregoryanz, Philipp"]
[Result "1-0"]
[WhiteElo "1810"]
[BlackElo "1591"]
[PlyCount "63"]
[EventDate "2019.01.08"]
[EventType "swiss"]
[EventRounds "4"]
[EventCountry "CAN"]

1. f4 d5 2. Nf3 Nc6 3. d4 Nf6 4. e3 Bf5 5. Be2 e6 6. c3 Bd6 7. Bb5 O-O 8. Nbd2
Ne4 9. Nxe4 Bxe4 10. O-O Ne7 11. Nd2 c6 12. Be2 Nf5 13. Nf3 Nh4 14. Ne1 Qf6 15.
g3 Nf5 16. Bf3 Qg6 17. Bxe4 dxe4 18. Ng2 h5 19. Qc2 h4 20. Qxe4 hxg3 21. hxg3
Qxg3 22. Rf3 Qg4 23. Kf2 Be7 24. Bd2 Bh4+ 25. Nxh4 Qxh4+ 26. Kg2 Rad8 27. Rh1
Qg4+ 28. Kf1 g6 29. Be1 Kg7 30. Rfh3 Rh8 31. Qe5+ f6 32. Qc7+ 1-0

[Event "Winnipeg TNT 2019.01"]
[Site "Winnipeg CAN"]
[Date "2019.01.29"]
[Round "4.7"]
[White "Gannon, Keith"]
[Black "Skop, Mike"]
[Result "0-1"]
[WhiteElo "1495"]
[BlackElo "1667"]
[PlyCount "80"]
[EventDate "2019.01.08"]
[EventType "swiss"]
[EventRounds "4"]
[EventCountry "CAN"]

1. c4 Nh6 2. d4 g6 3. e4 f6 4. Nc3 Nf7 5. Nf3 e5 6. dxe5 fxe5 7. Be2 c6 8. O-O
d6 9. b4 Bg7 10. a4 Be6 11. Bd2 Nd7 12. a5 O-O 13. Qc2 Nf6 14. Ng5 Nxg5 15.
Bxg5 Rc8 16. Rad1 Qe7 17. Qd2 Qf7 18. Qxd6 Bxc4 19. Bxc4 Qxc4 20. Bxf6 Rxf6 21.
Qd7 Rcf8 22. Qd3 Qxb4 23. Rb1 Qc5 24. Nd1 b6 25. Qb3+ R6f7 26. axb6 axb6 27.
Qxb6 Qxb6 28. Rxb6 Rc8 29. f3 Bf8 30. Nf2 Bc5 31. Rbb1 Bd4 32. Rfd1 c5 33. Kf1
c4 34. Nd3 cxd3 35. Rxd3 Rc2 36. f4 Rxf4+ 37. Rf3 Rxf3+ 38. gxf3 Rxh2 39. Rb8+
Kg7 40. Rb7+ Kh6 0-1

[Event "Winnipeg TNT 2019.01"]
[Site "Winnipeg CAN"]
[Date "2019.01.29"]
[Round "4.9"]
[White "Melnyk, Jim"]
[Black "Remillard, John"]
[Result "1-0"]
[WhiteElo "1637"]
[BlackElo "1660"]
[PlyCount "89"]
[EventDate "2019.01.08"]
[EventType "swiss"]
[EventRounds "4"]
[EventCountry "CAN"]

1. e4 e6 2. Nf3 c5 3. d4 a6 4. Bd3 cxd4 5. Nxd4 Bc5 6. c3 Qb6 7. Bc2 e5 8. b4
Bxb4 9. Nf5 Bxc3+ 10. Nxc3 Ne7 11. Nxg7+ Kf8 12. Nh5 Rg8 13. Ng3 d6 14. O-O Qc5
15. Qf3 Bg4 16. Qe3 Nbc6 17. Bd1 Bxd1 18. Rxd1 Nd4 19. Qh6+ Ke8 20. Nce2 Nxe2+
21. Nxe2 Kd7 22. Qd2 Rg6 23. a4 Rag8 24. g3 Rf6 25. Nc3 Rgg6 26. Ba3 Qc4 27.
Rab1 Qc6 28. Rb2 Rf3 29. Rb3 Rgf6 30. Rf1 Nc8 31. Qb2 b5 32. Nd5 Rxb3 33. Nxf6+
Ke7 34. Nd5+ Kf8 35. Qxb3 bxa4 36. Qb4 Kg7 37. Rc1 Qd7 38. Qb8 Ne7 39. Nxe7
Qxe7 40. Qxd6 Qg5 41. Qxa6 f6 42. Qxa4 Qd2 43. Qd1 Qa2 44. Qg4+ Kh6 45. Bf8#
1-0

[Event "Winnipeg TNT 2019.01"]
[Site "Winnipeg CAN"]
[Date "2019.01.29"]
[Round "4.11"]
[White "Ott, Richard"]
[Black "Piche, Zachary"]
[Result "1/2-1/2"]
[WhiteElo "1500"]
[BlackElo "1504"]
[PlyCount "61"]
[EventDate "2019.01.08"]
[EventType "swiss"]
[EventRounds "4"]
[EventCountry "CAN"]

1. d4 Nf6 2. c4 e6 3. Nc3 Bb4 4. e3 O-O 5. Bd3 b6 6. Nf3 Bb7 7. a3 Bxc3+ 8.
bxc3 c5 9. O-O Nc6 10. d5 exd5 11. cxd5 Ne7 12. c4 b5 13. Qb3 bxc4 14. Bxc4
Bxd5 15. Bxd5 Nexd5 16. e4 Nb6 17. Bg5 h6 18. Bh4 d6 19. Rad1 Re8 20. e5 g5 21.
Bxg5 hxg5 22. Nxg5 Nfd5 23. Qg3 Kf8 24. exd6 f6 25. Nh7+ Kf7 26. h4 Rh8 27. h5
Qg8 28. Qf3 Rxh7 29. Rxd5 Nxd5 30. Qxd5+ Kf8 31. Qxa8+ 1/2-1/2

[Event "Winnipeg TNT 2019.02"]
[Site "Winnipeg CAN"]
[Date "2019.02.05"]
[Round "1.1"]
[White "Gregoryanz, Philipp"]
[Black "Abioye, Yemi"]
[Result "0-1"]
[WhiteElo "1577"]
[BlackElo "2032"]
[PlyCount "45"]
[EventDate "2019.02.05"]
[EventType "swiss"]
[EventRounds "4"]
[EventCountry "CAN"]

1. e4 e6 2. d4 d5 3. Nc3 Nf6 4. e5 Nfd7 5. Nf3 c5 6. Bg5 Qb6 7. b3 cxd4 8. Nxd4
Bb4 9. Nde2 d4 10. Bd2 dxc3 11. Nxc3 Qd4 12. Qf3 Nxe5 13. Bb5+ Nbc6 14. Bxc6+
bxc6 15. Qg3 Bd6 16. O-O Nc4 17. Qg5 Nxd2 18. Rfd1 Qxc3 19. Qxd2 Qxd2 20. Rxd2
Be5 21. Rad1 O-O 22. c4 c5 23. Re1 0-1

[Event "Winnipeg TNT 2019.02"]
[Site "Winnipeg CAN"]
[Date "2019.02.05"]
[Round "1.2"]
[White "Orogun, Ibukun"]
[Black "Crawford, Gary"]
[Result "1-0"]
[WhiteElo "1944"]
[BlackElo "1561"]
[PlyCount "39"]
[EventDate "2019.02.05"]
[EventType "swiss"]
[EventRounds "4"]
[EventCountry "CAN"]

1. e4 e5 2. Nf3 Nc6 3. Bc4 h6 4. d3 Nf6 5. Nc3 d6 6. a3 Bg4 7. h3 Bh5 8. Be3
Be7 9. Qe2 Qd7 10. g4 Bg6 11. O-O-O O-O-O 12. Rdg1 Rdf8 13. Kb1 Kb8 14. Nd2 a6
15. h4 Na5 16. Ba2 c5 17. f4 exf4 18. Bxf4 Nxg4 19. Qxg4 Qxg4 20. Rxg4 1-0

[Event "Winnipeg TNT 2019.02"]
[Site "Winnipeg CAN"]
[Date "2019.02.05"]
[Round "1.3"]
[White "Ford, Stephen"]
[Black "Proulx, Roy"]
[Result "0-1"]
[WhiteElo "1543"]
[BlackElo "1907"]
[PlyCount "128"]
[EventDate "2019.02.05"]
[EventType "swiss"]
[EventRounds "4"]
[EventCountry "CAN"]

1. e4 c5 2. Nf3 e6 3. d4 cxd4 4. Nxd4 Nc6 5. Nxc6 bxc6 6. Bc4 Nf6 7. Bg5 Be7 8.
Bxf6 Bxf6 9. c3 d5 10. exd5 exd5 11. Qe2+ Be6 12. Bb3 O-O 13. O-O Rb8 14. Nd2
c5 15. Rab1 Bf5 16. c4 Bxb1 17. Rxb1 Re8 18. Qf3 d4 19. Qd3 a5 20. Ne4 Be7 21.
Bc2 g6 22. Ba4 Rf8 23. Bb5 f5 24. Nd2 Bd6 25. Re1 Rb7 26. Qf3 Re7 27. Rxe7 Qxe7
28. g3 Qe1+ 29. Nf1 Qe4 30. Qxe4 fxe4 31. Bc6 Rb8 32. b3 Kg7 33. Bxe4 a4 34.
Nd2 axb3 35. axb3 Bc7 36. Bc2 Ba5 37. Ne4 Bb4 38. Kf1 Ra8 39. Ke2 Ra2 40. Kd3
h6 41. h4 Ra8 42. g4 Rf8 43. Ke2 Rf4 44. f3 h5 45. Nf2 Rf8 46. Bd3 Re8+ 47. Be4
Re7 48. gxh5 gxh5 49. Nd3 Ba3 50. Ne1 Kf6 51. Nc2 Bb2 52. b4 cxb4 53. Nxb4 Rg7
54. Kf2 Bc1 55. Nc2 Ke5 56. Ne1 Be3+ 57. Ke2 Kf4 58. Nc2 Rg2+ 59. Kd1 Rh2 60.
c5 Rd2+ 61. Ke1 d3 62. Nxe3 Kxe3 63. Bd5 Rc2 64. Kd1 Rxc5 0-1

[Event "Winnipeg TNT 2019.02"]
[Site "Winnipeg CAN"]
[Date "2019.02.05"]
[Round "1.5"]
[White "Gannon, Keith"]
[Black "Bince, Rolando"]
[Result "0-1"]
[WhiteElo "1499"]
[BlackElo "1858"]
[PlyCount "122"]
[EventDate "2019.02.05"]
[EventType "swiss"]
[EventRounds "4"]
[EventCountry "CAN"]

1. Nf3 d5 2. e3 Bg4 3. d4 Nf6 4. c4 e6 5. c5 c6 6. b4 Be7 7. a4 Ne4 8. b5 O-O
9. Be2 b6 10. cxb6 Bxf3 11. Bxf3 axb6 12. bxc6 Bb4+ 13. Bd2 Nxd2 14. Nxd2 Nxc6
15. O-O Na5 16. Be2 Bxd2 17. Qxd2 Nb3 18. Qb2 Nxa1 19. Rxa1 Qd6 20. Bb5 Rac8
21. g3 g6 22. a5 bxa5 23. Rxa5 Ra8 24. Rxa8 Rxa8 25. Bd3 Rb8 26. Qc2 Kg7 27.
Kg2 Rb7 28. Qc8 Rb2 29. Qc3 Rb8 30. Qc2 h5 31. Be2 Rb7 32. Bf3 Rc7 33. Qb2 Rc4
34. Be2 Rb4 35. Qd2 Qb6 36. Qd1 Rb2 37. Bd3 Qb4 38. Qf3 Qd2 39. Ba6 g5 40. h3
Qc2 41. Bf1 Qe4 42. Qxe4 dxe4 43. Bc4 Kf6 44. Ba6 Ke7 45. Bc4 Kd6 46. Ba6 Kc7
47. Bc4 Kb6 48. Bf1 Ka5 49. Bc4 Kb4 50. Ba6 Kc3 51. g4 h4 52. Bc8 Kd2 53. f4
Kxe3+ 54. Kg1 Kxf4 55. Bd7 Rd2 56. Be8 f5 57. gxf5 exf5 58. d5 Ke5 59. Bc6 f4
60. Kf1 e3 61. d6 Kxd6 0-1

[Event "Winnipeg TNT 2019.02"]
[Site "Winnipeg CAN"]
[Date "2019.02.05"]
[Round "1.6"]
[White "Le Dorze, Phil"]
[Black "Ott, Richard"]
[Result "1/2-1/2"]
[WhiteElo "1829"]
[BlackElo "1483"]
[PlyCount "138"]
[EventDate "2019.02.05"]
[EventType "swiss"]
[EventRounds "4"]
[EventCountry "CAN"]

1. d4 Nf6 2. c4 e6 3. g3 d5 4. Bg2 c6 5. Nf3 dxc4 6. a4 Nbd7 7. O-O h6 8. Nbd2
Be7 9. Nxc4 O-O 10. Re1 Re8 11. e4 Nb6 12. b3 Nxc4 13. bxc4 Nd7 14. Bf4 Bb4 15.
Re2 Nf8 16. c5 Ba5 17. Bd6 b6 18. Qb3 Ba6 19. Re3 Ng6 20. Ne5 Nxe5 21. Bxe5 Qd7
22. Bd6 Bd2 23. e5 Bxe3 24. Qxe3 Bc4 25. Rc1 Bd5 26. Bxd5 exd5 27. f4 Qh3 28.
Qf3 bxc5 29. Bxc5 Rab8 30. Ba3 a5 31. Rxc6 Rb1+ 32. Rc1 Rxc1+ 33. Bxc1 Rc8 34.
Qe3 Rc2 35. Bd2 Ra2 36. Qe1 Rxa4 37. Bxa5 Rxd4 38. Bd2 Re4 39. Qf2 Qg4 40. Qf1
d4 41. Kf2 Qd7 42. Qd3 Qd5 43. Qc2 d3 44. Qc8+ Kh7 45. Be3 Qa2+ 46. Kf3 Rxe3+
47. Kxe3 Qe2+ 48. Kd4 g6 49. Qc4 Qb2+ 50. Kxd3 Kg7 51. Qc2 Qb5+ 52. Ke3 Qb6+
53. Kf3 Qb7+ 54. Qe4 Qb3+ 55. Kg2 Qa2+ 56. Kh3 Qa6 57. Qf3 h5 58. g4 hxg4+ 59.
Qxg4 Qf1+ 60. Kg3 Qg1+ 61. Kh3 Qf1+ 62. Kh4 Qf2+ 63. Qg3 Qe2 64. Kh3 Qh5+ 65.
Kg2 Qe2+ 66. Qf2 Qg4+ 67. Kh1 Qd1+ 68. Kg2 Qg4+ 69. Qg3 Qe2+ 1/2-1/2

[Event "Winnipeg TNT 2019.02"]
[Site "Winnipeg CAN"]
[Date "2019.02.05"]
[Round "1.7"]
[White "Piche, Zachary"]
[Black "Czarny, Keith"]
[Result "0-1"]
[WhiteElo "1479"]
[BlackElo "1691"]
[PlyCount "122"]
[EventDate "2019.02.05"]
[EventType "swiss"]
[EventRounds "4"]
[EventCountry "CAN"]

1. Nf3 b6 2. c4 Bb7 3. g3 e6 4. Bg2 Nf6 5. d4 Bb4+ 6. Bd2 Bxd2+ 7. Qxd2 O-O 8.
Nc3 d6 9. O-O Nbd7 10. b4 Re8 11. Rab1 Ne4 12. Nxe4 Bxe4 13. Rb2 Rc8 14. Rc1
Nf6 15. c5 dxc5 16. dxc5 Qxd2 17. Nxd2 Bxg2 18. Kxg2 Rcd8 19. Nf3 b5 20. Ne5 h6
21. Nc6 Ra8 22. f3 Nd5 23. Rb3 a6 24. Rd1 Ne7 25. Ne5 f6 26. Nd3 Nd5 27. Nf2 f5
28. e4 fxe4 29. fxe4 Nf6 30. e5 Nd5 31. Ne4 Rf8 32. Rf1 Rxf1 33. Kxf1 Rf8+ 34.
Ke2 Rf5 35. c6 Rxe5 36. Kf3 Rf5+ 37. Ke2 Kf7 38. Nc5 Nxb4 39. Rxb4 Rxc5 40. a4
bxa4 41. Rxa4 Rxc6 42. Rf4+ Kg8 43. Kd3 e5 44. Rf5 Re6 45. Ke4 a5 46. Rf3 a4
47. Ra3 Rd6 48. Kxe5 Ra6 49. Kd5 Kf7 50. h3 Ke7 51. Re3+ Kd7 52. Ra3 Ra5+ 53.
Kc4 Kc6 54. Kb4 Ra7 55. Kc4 Kb6 56. Kb4 c6 57. Kc4 c5 58. Kc3 Kb5 59. Ra2 a3
60. Kb3 c4+ 61. Kc3 Kc5 0-1

[Event "Winnipeg TNT 2019.02"]
[Site "Winnipeg CAN"]
[Date "2019.02.05"]
[Round "1.8"]
[White "Letain, Cory"]
[Black "Myrzaibraimova, Aibike"]
[Result "1/2-1/2"]
[WhiteElo "1680"]
[BlackElo "1474"]
[PlyCount "55"]
[EventDate "2019.02.05"]
[EventType "swiss"]
[EventRounds "4"]
[EventCountry "CAN"]

1. e4 e6 2. d4 d5 3. exd5 exd5 4. Nf3 Bd6 5. c4 c6 6. Nc3 Ne7 7. Bd3 O-O 8. O-O
Bc7 9. Bxh7+ Kxh7 10. Ng5+ Kg8 11. Qh5 Bf5 12. Re1 Nd7 13. Re3 Nf6 14. Qe2 Re8
15. Bd2 Bf4 16. Rf3 Bxg5 17. Bxg5 Ng6 18. Qd2 Bg4 19. Bxf6 gxf6 20. Rg3 Qd7 21.
f3 Bh5 22. Qh6 Qf5 23. Rh3 Nf4 24. Rh4 Qg5 25. Qxg5+ fxg5 26. Rxf4 gxf4 27.
cxd5 cxd5 28. Nxd5 1/2-1/2

[Event "Winnipeg TNT 2019.02"]
[Site "Winnipeg CAN"]
[Date "2019.02.05"]
[Round "1.9"]
[White "Myrzaibraimova, Alia"]
[Black "Skop, Mike"]
[Result "1/2-1/2"]
[WhiteElo "1171"]
[BlackElo "1666"]
[PlyCount "43"]
[EventDate "2019.02.05"]
[EventType "swiss"]
[EventRounds "4"]
[EventCountry "CAN"]

1. e4 Nh6 2. Nf3 f6 3. Nc3 Nf7 4. Bc4 e6 5. d4 Be7 6. Bf4 c6 7. O-O d5 8. exd5
exd5 9. Bxb8 Rxb8 10. Bd3 Bg4 11. h3 Bh5 12. Re1 Ng5 13. Be2 Bf7 14. Nxg5 fxg5
15. Bh5 O-O 16. Bxf7+ Rxf7 17. Re3 Qf8 18. Qd2 Rd8 19. Rae1 c5 20. dxc5 Bxc5
21. R3e2 Kh8 22. Rf1 1/2-1/2

[Event "Winnipeg TNT 2019.02"]
[Site "Winnipeg CAN"]
[Date "2019.02.12"]
[Round "2.1"]
[White "Abioye, Yemi"]
[Black "Prince, Colin"]
[Result "1-0"]
[WhiteElo "2032"]
[BlackElo "1893"]
[PlyCount "147"]
[EventDate "2019.02.05"]
[EventType "swiss"]
[EventRounds "4"]
[EventCountry "CAN"]

1. e4 e5 2. Nf3 Nc6 3. Bc4 Nf6 4. Nc3 Bc5 5. d3 h6 6. O-O d6 7. Be3 Bg4 8. Bxc5
dxc5 9. Bb5 Nd7 10. Bxc6 bxc6 11. h3 Bh5 12. Qe2 O-O 13. Qe3 Qf6 14. Nd2 Qf4
15. Nc4 f5 16. exf5 Rxf5 17. Qxf4 exf4 18. Rfe1 Re8 19. Rxe8+ Bxe8 20. Re1 Kf7
21. f3 Nf6 22. Na4 Kf8 23. Ne5 Nd5 24. Nc4 Nb4 25. Re5 Rxe5 26. Nxe5 Nxc2 27.
Nxc5 Ke7 28. Nc4 Bg6 29. a3 Ne1 30. Ne5 Be8 31. Kf2 Nc2 32. Nc4 Bf7 33. Nd2 Kd6
34. Nde4+ Kd5 35. Na6 Kd4 36. Ke2 Ne3 37. g3 Nd5 38. g4 g5 39. Nac5 Ne7 40. Na6
Ng6 41. Nb4 Ne5 42. Nc2+ Kd5 43. d4 Nd7 44. Nb4+ Kxd4 45. Nxc6+ Kc4 46. Nd2+
Kc5 47. Nxa7 Nb6 48. b4+ Kd4 49. Nb5+ Kd5 50. Nxc7+ Kc6 51. Na6 Na4 52. Kd3 Kb5
53. Nc5 Nxc5+ 54. bxc5 Kxc5 55. Ke4 Bd5+ 56. Ke5 Bc6 57. h4 gxh4 58. Kxf4 Kd4
59. Ne4 Kd3 60. a4 Ke2 61. a5 Kf1 62. g5 hxg5+ 63. Nxg5 Kg2 64. Kg4 h3 65. Nxh3
Bd7+ 66. Kf4 Kxh3 67. Ke5 Kg3 68. f4 Kg4 69. a6 Kh5 70. f5 Kg5 71. a7 Bc6 72.
Ke6 Bf3 73. f6 Kg6 74. f7 1-0

[Event "Winnipeg TNT 2019.02"]
[Site "Winnipeg CAN"]
[Date "2019.02.12"]
[Round "2.2"]
[White "Proulx, Roy"]
[Black "Bince, Rolando"]
[Result "0-1"]
[WhiteElo "1858"]
[BlackElo "1907"]
[PlyCount "54"]
[EventDate "2019.02.05"]
[EventType "swiss"]
[EventRounds "4"]
[EventCountry "CAN"]

1. e4 c5 2. Nf3 d6 3. d4 cxd4 4. Nxd4 Nf6 5. Nc3 a6 6. Be2 g6 7. Be3 Bg7 8. f3
Bd7 9. Qd2 Nc6 10. O-O-O h5 11. h3 Nxd4 12. Bxd4 Qa5 13. Kb1 Rc8 14. h4 Be6 15.
a3 Kf8 16. g4 Nd7 17. Bxg7+ Kxg7 18. f4 Kh7 19. Rdf1 Bc4 20. f5 Ne5 21. fxg6+
fxg6 22. g5 Bxe2 23. Qxe2 Rxc3 24. bxc3 Rc8 25. Rh3 Nc4 26. Rf7+ Kg8 27. Rhf3
Qb5+ 0-1

[Event "Winnipeg TNT 2019.02"]
[Site "Winnipeg CAN"]
[Date "2019.02.12"]
[Round "2.3"]
[White "Czarny, Keith"]
[Black "Rutter, Blair"]
[Result "0-1"]
[WhiteElo "1691"]
[BlackElo "1920"]
[PlyCount "94"]
[EventDate "2019.02.05"]
[EventType "swiss"]
[EventRounds "4"]
[EventCountry "CAN"]

1. c4 e6 2. d4 Nf6 3. Nc3 c6 4. e4 d6 5. Bg5 Be7 6. e5 dxe5 7. dxe5 Nfd7 8.
Bxe7 Qxe7 9. Nf3 O-O 10. Bd3 Rd8 11. Qe2 Nf8 12. O-O Nbd7 13. Ne4 Ng6 14. Nd6
Nf4 15. Qe4 Nxd3 16. Nxc8 Raxc8 17. Qxd3 Nxe5 18. Qc3 Nxf3+ 19. Qxf3 Rd2 20.
Rfd1 Rxb2 21. g3 h6 22. Qd3 Qf6 23. f4 Qe7 24. a4 Qc5+ 25. Qd4 Qxd4+ 26. Rxd4
g6 27. Rad1 Rc2 28. Rb1 Rc7 29. Rd8+ Kg7 30. Rb8 Rxc4 31. a5 Ra4 32. Rc1 Rxa5
33. g4 Ra4 34. h3 Rxf4 35. Ra1 a6 36. Rb1 b5 37. Rb6 a5 38. Rc1 a4 39. Rd1 a3
40. Rd8 b4 41. Ra8 c5 42. Kg2 Rd4 43. Kg3 g5 44. Rbb8 Rd3+ 45. Kg2 Rb3 46. Rg8+
Kf6 47. Rh8 Rd7 0-1

[Event "Winnipeg TNT 2019.02"]
[Site "Winnipeg CAN"]
[Date "2019.02.12"]
[Round "2.4"]
[White "Leaden, Bruce"]
[Black "Le Dorze, Phil"]
[Result "1/2-1/2"]
[WhiteElo "1492"]
[BlackElo "1829"]
[PlyCount "92"]
[EventDate "2019.02.05"]
[EventType "swiss"]
[EventRounds "4"]
[EventCountry "CAN"]

1. f4 b6 2. Nf3 Ba6 3. g3 d5 4. Bg2 Nf6 5. d3 Nbd7 6. Nc3 e6 7. Nd4 c5 8. Nc6
Qc7 9. Ne5 Nxe5 10. fxe5 Nd7 11. Bf4 Nxe5 12. d4 cxd4 13. Qxd4 Bd6 14. O-O-O
O-O 15. e4 Nc6 16. Bxd6 Qxd6 17. Qa4 Bc4 18. Qxc4 e5 19. exd5 Nd4 20. Nb5 Qh6+
21. Kb1 Rac8 22. Nc7 Qd6 23. Nb5 Qe7 24. Qf1 Nxb5 25. Be4 f5 26. Bd3 Nd6 27. c3
b5 28. Qf2 e4 29. Bc2 a5 30. h4 b4 31. cxb4 axb4 32. Bb3 Nc4 33. Rc1 e3 34. Qe2
Nd2+ 35. Ka1 Nxb3+ 36. axb3 Qa7+ 37. Kb1 Ra8 38. Kc2 Qd4 39. Rhd1 Rfc8+ 40. Kb1
Rxc1+ 41. Kxc1 Ra1+ 42. Kc2 Qe4+ 43. Rd3 Rg1 44. Qxe3 Rg2+ 45. Kb1 Re2 46. Qxe4
fxe4 1/2-1/2

[Event "Winnipeg TNT 2019.02"]
[Site "Winnipeg CAN"]
[Date "2019.02.12"]
[Round "2.5"]
[White "Ott, Richard"]
[Black "Letain, Cory"]
[Result "1/2-1/2"]
[WhiteElo "1483"]
[BlackElo "1680"]
[PlyCount "60"]
[EventDate "2019.02.05"]
[EventType "swiss"]
[EventRounds "4"]
[EventCountry "CAN"]

1. d4 Nf6 2. c4 c5 3. e3 e6 4. Nf3 d5 5. Nc3 cxd4 6. exd4 Nc6 7. h3 Be7 8. Be2
O-O 9. O-O dxc4 10. Bxc4 Nd5 11. Bxd5 exd5 12. Bf4 Be6 13. Qd2 Qd7 14. Rfe1
Rac8 15. Ne5 Nxe5 16. Bxe5 Rc6 17. Qe3 Bd6 18. Nb5 Bxe5 19. dxe5 Rc2 20. Nd4
Rxb2 21. f4 Rc8 22. Reb1 Rxb1+ 23. Rxb1 b6 24. Nb5 Rc2 25. a4 Ra2 26. Rc1 Rxa4
27. Nd6 Qe7 28. f5 Bd7 29. Qg3 Qh4 30. Qxh4 Rxh4 1/2-1/2

[Event "Winnipeg TNT 2019.02"]
[Site "Winnipeg CAN"]
[Date "2019.02.12"]
[Round "2.6"]
[White "Skop, Mike"]
[Black "Myrzaibraimova, Aibike"]
[Result "1-0"]
[WhiteElo "1666"]
[BlackElo "1474"]
[PlyCount "85"]
[EventDate "2019.02.05"]
[EventType "swiss"]
[EventRounds "4"]
[EventCountry "CAN"]

1. Nh3 e5 2. f3 Nf6 3. Nf2 Bc5 4. e3 Nc6 5. c3 d6 6. d4 Bb6 7. Na3 exd4 8. exd4
a6 9. Be2 O-O 10. Bg5 d5 11. O-O Qd6 12. Qd2 Bf5 13. Nc2 Ne7 14. Bf4 Qd7 15.
Nd3 Ng6 16. Ne5 Qe7 17. Ne3 Nxf4 18. Nxf5 Nxe2+ 19. Qxe2 Qe6 20. Qd3 c5 21.
Rae1 Rfe8 22. f4 c4 23. Qh3 Qc8 24. Ng4 Qc6 25. Ne7+ Rxe7 26. Rxe7 Nxg4 27.
Qxg4 Bd8 28. Re3 Bc7 29. f5 Qf6 30. Rfe1 Bd6 31. Re8+ Rxe8 32. Rxe8+ Bf8 33.
Qf4 Qc6 34. Qb8 g6 35. Rxf8+ Kg7 36. Rg8+ Kf6 37. Qe5+ Kg5 38. fxg6+ Kh6 39.
Qg7+ Kh5 40. Qxh7+ Kg5 41. gxf7+ Kf4 42. f8=Q+ Ke3 43. Qf2# 1-0

[Event "Winnipeg TNT 2019.02"]
[Site "Winnipeg CAN"]
[Date "2019.02.12"]
[Round "2.7"]
[White "Melnyk, Jim"]
[Black "Myrzaibraimova, Alia"]
[Result "1-0"]
[WhiteElo "1640"]
[BlackElo "1171"]
[PlyCount "37"]
[EventDate "2019.02.05"]
[EventType "swiss"]
[EventRounds "4"]
[EventCountry "CAN"]

1. e4 e6 2. Nc3 Nf6 3. Nf3 Nc6 4. a3 Bc5 5. Bc4 O-O 6. O-O e5 7. Ba2 d6 8. h3
Be6 9. Bb1 d5 10. exd5 Bxd5 11. Nxd5 Nxd5 12. d3 h6 13. Re1 Re8 14. Bd2 Bd4 15.
c3 Bc5 16. Qc2 Re7 17. d4 exd4 18. Qh7+ Kf8 19. Qh8# 1-0